BUSINESS COMMUNICATION (Record no. 8903)

MARC details
000 -LEADER
fixed length control field 01306nam a22001697a 4500
003 - CONTROL NUMBER IDENTIFIER
control field SGT
020 ## - INTERNATIONAL STANDARD BOOK NUMBER
International Standard Book Number 9789350971413
082 ## - DEWEY DECIMAL CLASSIFICATION NUMBER
Classification number 651.57,RAI
100 ## - MAIN ENTRY--PERSONAL NAME
Personal name RAI,URMILA
245 ## - TITLE STATEMENT
Title BUSINESS COMMUNICATION
250 ## - EDITION STATEMENT
Edition statement 9TH
260 ## - PUBLICATION, DISTRIBUTION, ETC. (IMPRINT)
Place of publication, distribution, etc NEW DELHI
Name of publisher, distributor, etc HIMALAYA PUBLISHING HOUSE
Year of Publication 2013
300 ## - PAGE DESCRIPTION
No. of Pages 426
650 ## - SUBJECT ADDED ENTRY--TOPICAL TERM
Topical term or geographic name as entry element OFFICE SERVICES, ENGLISH
653 ## - KEYWORDS--INDEX TERM
Keyword term PART − I: COMMUNICATION THEORY 1. BASIC ELEMENTS OF COMMUNICATION 2. OBJECTIVES OF COMMUNICATION 3. METHODS OF COMMUNICATION(VERBAL) 4. METHODS OF COMMUNICATION(NON − VERBAL) 5. MEDIA AND MODES 6. CHANNELS OF COMMUNICATION 7. BARRIERS TO COMMUNICATION 8. PUBLIC RELATION PART − II: ORAL COMMUNICATION 9. LISTENING 10. GROUP COMMUNICATION 11. INTERVIEWS 12. SPEECHES 13. PRESENTATIONS 14. DIALOGUE SKILLS PART − III: WRITTEN COMMUNICATION 15. READING SKILLS 16. ESSENTIALS OF EFFECTIVE WRITING 17. WRITING TACTFULLY 18. LAYOUT OF A BUSINESS LETTER 19. JOB APPLICATION 20. PERSONNEL LETTERS 21. GOODWILL LETTERS 22. ENQUIRIES AND REPLIES 23. ORDERS AND REPLIES 24. COMPLAINTS, CLAIMS AND ADJUSTMENTS 25. COLLECTION LETTERS 26. SALES LETTERS 27. CREDIT AND STATUS ENQUIRIES 28. BANK CORRESPONDENCE 29. INSURANCE LETTERS 30. MEETINGS: NOTICE, AGENDA AND RESOLUTIONS 31. REPORTS 32. SUMMARISATION 33. PUNCTUATION 34. NUMERALS
942 ## - ADDED ENTRY ELEMENTS (KOHA)
Source of classification or shelving scheme Dewey Decimal Classification
Koha item type FCM Books
942 ## - ADDED ENTRY ELEMENTS (KOHA)
-- 6
Holdings
Withdrawn status Lost status Source of classification or shelving scheme Damaged status Not for loan Collection code Home library Current library Shelving location Date acquired Vendor Name Cost, normal purchase price SGTU Bill Number Total Checkouts Full call number Accession No. (Barcode) Date last seen Date last borrowed Bill Date Koha item type
    Dewey Decimal Classification     COMMERCE MANAGEMENT SGT Science & Social Sciences Library SGT Science & Social Sciences Library On Display 02/06/2016 UBSPD 285.00 SGTU 364029 7 651.57,RAI CM430 13/07/2022 06/07/2022 28/12/2014 FCM Books
    Dewey Decimal Classification     COMMERCE MANAGEMENT SGT Science & Social Sciences Library SGT Science & Social Sciences Library On Display 02/06/2016 UBSPD 285.00 SGTU 364029   651.57,RAI CM431 02/06/2016   28/12/2014 FCM Books
    Dewey Decimal Classification     COMMERCE MANAGEMENT SGT Science & Social Sciences Library SGT Science & Social Sciences Library Text Book 08/07/2016 IBH 260.00 SGTU 9690 3 651.57,RAI CM65 13/12/2024 13/12/2024 31/08/2013 FCM Books
    Dewey Decimal Classification     COMMERCE MANAGEMENT SGT Science & Social Sciences Library SGT Science & Social Sciences Library Text Book 08/07/2016 IBH 260.00 SGTU 9690 10 651.57,RAI CM66 30/11/2021 22/11/2021 31/08/2013 FCM Books